|
|
|
|
| LEADER |
00000nam0a2200000 4500 |
| 001 |
144618 |
| 005 |
20231031143745.0 |
| 010 |
|
|
|a 5757502444
|
| 020 |
|
|
|a RU
|b 91-54850
|
| 035 |
|
|
|a (RuTPU)RU\TPU\book\156719
|
| 090 |
|
|
|a 144618
|
| 100 |
|
|
|a 20081006d1991 de y0rusy5003 ca
|
| 101 |
0 |
|
|a rus
|
| 102 |
|
|
|a RU
|
| 105 |
|
|
|a a z 000ay
|
| 200 |
1 |
|
|a Кому суждено жить
|e повести, рассказы
|e для среднего и старшего школьного возраста
|f Е. С. Морозов
|g худож. В. Е. Земцов
|
| 210 |
|
|
|a Самара
|c Самарское книжное издательство
|d 1991
|
| 215 |
|
|
|a 511,[1] с.
|c ил.
|d 20 см
|
| 333 |
|
|
|a Исключено из фонда НТБ ТПУ
|
| 675 |
|
|
|a Р2
|z rus
|
| 700 |
|
1 |
|a Морозов
|b Е. С.
|g Евгений Сергеевич
|4 070
|
| 702 |
|
1 |
|a Земцов
|b В. Е.
|4 440
|
| 801 |
|
0 |
|a RU
|b RuMRKP
|c 19950417
|g psbo
|
| 801 |
|
1 |
|a RU
|b 63413507
|c 20081006
|g PSBO
|
| 801 |
|
2 |
|a RU
|b 63413507
|c 20210519
|g PSBO
|
| 942 |
|
|
|c BK
|